Jane Addams of Hull House, 1860-1935 ; a centenary study.

Bibliographic Details
Main Author: Tims, Margaret, 1919-
Format: Book
Language:English
Published: New York : Macmillan, 1961.
Subjects:

MARC

Tag First Indicator Second Indicator Subfields
LEADER 00000cam a2200000 4500
001 in00000072153
005 20151008052430.0
008 730418s1961 nyu b 00000 eng u
010 |a  61016149  
035 |a (OCoLC)00606738 
035 |9 AAH3310AM 
040 |c KSU  |d TXA  |d UtOrBLW 
049 |a TXAM  |c [336336] 
050 0 0 |a HV28.A35  |b T5 
092 |a 361.43  |b A2223t 
100 1 |a Tims, Margaret,  |d 1919- 
245 1 0 |a Jane Addams of Hull House, 1860-1935 ;  |b a centenary study. 
264 1 |a New York :  |b Macmillan,  |c 1961. 
300 |a 166 pages :  |b illustrations ;  |c 23 cm. 
336 |a text  |b txt  |2 rdacontent 
337 |a unmediated  |b n  |2 rdamedia 
338 |a volume  |b nc  |2 rdacarrier 
600 1 0 |a Addams, Jane,  |d 1860-1935. 
999 |a MARS 
999 f f |s 0970a527-a786-3472-a282-a45202a18475  |i dad0643b-6574-3896-8ecd-516dc504d3a7  |t 0 
952 f f |p ric  |a Texas A&M University  |b Rellis Campus  |c Joint Library Facility  |d Remote Storage  |t 0  |e HV28.A35 T5  |h Library of Congress classification  |i unmediated -- volume  |m A14800808780 
998 f f |a HV28.A35 T5  |t 0  |l Remote Storage